Grace, Glory and Gaffe: (Record no. 204817)

MARC details
000 -LEADER
fixed length control field 00746nam a22002057a 4500
005 - DATE AND TIME OF LATEST TRANSACTION
control field 20240805131600.0
010 ## - LCCN (DPL NO)
LC control number ENG-141204
020 ## - INTERNATIONAL STANDARD BOOK NUMBER
Terms of availability 649.00
International Standard Book Number 9788196329648
035 ## - SYSTEM CONTROL NUMBER
System control number EN-124736
037 ## - SOURCE OF ACQUISITION
Source of stock number/acquisition DBAD
082 ## - DEWEY DECIMAL CLASSIFICATION NUMBER
Classification number 355.033054
Edition number 1
245 00 - TITLE STATEMENT
Title Grace, Glory and Gaffe:
Remainder of title India's Defence and Security@75/
Statement of responsibility, etc Edited by Uttara Sahasrabuddhe [and] Akshay Ranade
250 ## - EDITION STATEMENT
Edition statement 1
260 ## - PUBLICATION, DISTRIBUTION, ETC. (IMPRINT)
Place of publication, distribution, etc Mumbai
Name of publisher, distributor, etc Kabdwal Book International
270 ## - ADDRESS
Address Plot No. 179, D/42, Raigad CHS, Sector 1, Charkop, Kandivali(W)
City Mumbai
Postal code 400067
Electronic mail address order@kabdwalbook.com
300 ## - PHYSICAL DESCRIPTION
Extent xii,302p.
Dimensions 22cm(pbk)
700 ## - ADDED ENTRY--PERSONAL NAME
Personal name Sahasrabuddhe, Uttara
Relator term Editor
9 (RLIN) 69460
700 ## - ADDED ENTRY--PERSONAL NAME
Personal name Ranade, Akshay
Relator term Editor
9 (RLIN) 69461
942 ## - ADDED ENTRY ELEMENTS (KOHA)
Source of classification or shelving scheme Dewey Decimal Classification
Item type English Books
Call number suffix GRA
Classification part 355.033054
Edition 1
Holdings
Withdrawn status Lost status Not for loan Collection code Home library Current library Date acquired Source of acquisition Cost, normal purchase price Full call number Barcode Copy number Cost, replacement price Koha item type
      Non-fiction Janak Puri Janak Puri 05/08/2024 Delivery of Books Act Division 649.00 GRA 355.033054 EN-124736 1 649.00 English Books

© Delhi Public Library
Hit Counter
free hit counter